000 00330nam a22001217a 4500
082 _aP-520
100 _aRaheel Tariq.
_947660
245 _aCost effective treatment of arsenic in drinking water of seis mandi/
_bRaheel Tariq.
260 _aMCE
_c2013.
526 _a0
_b0
_c0
_dP_520
700 _aDr. Arshad Ali.
942 _2ddc
_cBK
999 _c550834
_d550834